College Football Conference Champions (2010-23) - Statistics

General Stats
  • This quiz has been taken 123 times
    87 since last reset
  • The average score is 18 of 70
Answer Stats
Hint Conference Answer % Correct
SEC Alabama
55%
Big Ten Michigan
53%
2023 ACC Florida State
49%
SEC Auburn
47%
Big Ten Michigan State
47%
Pac-12 Oregon
47%
Big 12 Oklahoma
45%
Big 12 Texas
45%
Pac-12 Washington
45%
2011 ACC Clemson
44%
SEC Georgia
44%
2022 ACC Clemson
42%
Big Ten Michigan
40%
SEC Alabama
36%
Big Ten Ohio State
36%
SEC LSU
35%
Big Ten Ohio State
35%
Pac-12 Oregon
35%
SEC Alabama
33%
2019 ACC Clemson
33%
2010 ACC Virginia Tech
33%
Big Ten Michigan
33%
2020 ACC Clemson
31%
2012 ACC Florida State
31%
Big Ten Wisconsin
31%
2018 ACC Clemson
29%
Big Ten Ohio State
29%
SEC Alabama
27%
SEC Alabama
27%
2017 ACC Clemson
27%
Big Ten Ohio State
27%
Big Ten Wisconsin
27%
Big 12 Kansas State
25%
Big Ten Ohio State
25%
Big 12 Oklahoma State
25%
Pac-12 Utah
25%
SEC Alabama
24%
2015 ACC Clemson
24%
2013 ACC Florida State
24%
2021 ACC Pittsburgh
24%
SEC Auburn
22%
2016 ACC Clemson
20%
2014 ACC Florida State
20%
SEC LSU
20%
SEC Alabama
18%
SEC Alabama
18%
Big Ten Michigan State
18%
Big 12 Oklahoma
18%
Pac-12 Oregon
18%
Pac-12 Stanford
18%
Pac-12 Utah
18%
Big 12 Baylor
16%
Big 12 Oklahoma
16%
Pac-12 Oregon
16%
Pac-12 Oregon
16%
SEC Georgia
15%
Big 12 Oklahoma
15%
Pac-12 Stanford
15%
Big Ten Michigan State
13%
Big 12 Oklahoma
13%
Big 12 Oklahoma
13%
Big Ten Penn State
13%
Big 12 Kansas State
11%
Pac-12 Stanford
11%
Big 12 Oklahoma
9%
Pac-12 Washington
9%
Big 12 Baylor/TCU
7%
Pac-12 Washington
7%
Big 12 Baylor
4%
Pac-12 Southern Cal
2%
No matching quizzes found
Score Distribution
Percent of People with Each Score
Percentile by Number Answered
Your Score History
You have not taken this quiz since the last reset